| 000 | 01350njm a22002777a 4500 | ||
|---|---|---|---|
| 005 | 20100830143451.0 | ||
| 007 | sd ammalaaahaa | ||
| 008 | 100830t xxu||||| |||| 00| 0 hin d | ||
| 028 |
_aN. 80076 _bHis Master's Voice |
||
| 028 |
_aOJE. 3663 _bHis Master's Voice |
||
| 028 |
_aOJE. 3664 _bHis Master's Voice |
||
| 035 | _aGR-316 | ||
| 040 | _aSED/VEN | ||
| 100 | _917458 | ||
| 245 |
_aMahatma Gandhi ke prarthnotr bhashan malik or majdur part 1 / _cedited by G. V. Mavalankar & R. R. Diwakar _h[Sound recording] : |
||
| 246 | _aमहात्मा गाँधी के प्रथ्नोत्र भाषण मालिक और मजदुर (ग. व. मवेलकर) | ||
| 260 |
_aDum Dum, India _bHis Master's Voice |
||
| 300 |
_a1 Sound disc [Gramophone Record] : _banlog, 33 1/3 rpm _c10 in (LP) _fGramophone Records |
||
| 500 | _aBrief record | ||
| 505 | _aMahatma Gandhi ke prarthnotar bhashan malik or majdur (महात्मा गाँधी के प्रथ्नोत्र भाषण मालिक और मजदुर) भाग 2 | ||
| 650 |
_aClasical music _91186 _zIndia _xExcerpts |
||
| 700 |
_917459 _aG. V. Mavalakar |
||
| 700 |
_aR. R. Diwakar _917960 |
||
| 942 |
_2ddc _cGR |
||
| 999 |
_c43439 _d43439 |
||